000
00272nam a2200121Ia 4500
008
190415s9999 xx 000 0 und d
082
_a
RL.0002
100
_a
Lal, Mukund
245
0
_a
Finances of Banaras Hindu University
260
_c
0
300
_a
462p.
942
_c
BK
999
_c
14148
_d
14148